000 00601nam a2200169 4500
001 114258
003 ES-MaACL
007 t|
008 061121m19521963sp r ||||1| spa d
100 1 _aPallarés, Juan.
_988575
245 1 0 _aRetablo de la vida humana /
_cJuan Pallarés.
260 _aMadrid :
_b[s. n.],
_c1952-1963.
300 _a2 v. ;
_c18 cm.
505 8 _aContiene: v. 1: Suma de consideraciones de varia lección / prólogo de Luis Astrana Marín; v. 2: Nueva suma de consideraciones de varia lección
700 1 _aAstrana Marín, Luis.
_923693
852 _aES-MaACL
_jE-3692-3
_bR.32568
999 _c114258
_d114258